000
00273nam a22001217a 4500
008
190311b xxu||||| |||| 00| 0 eng d
041
_a
eng
080
_a
371
100
_a
46
101
_a
EDU
245
_a
English Gramar and Composition
_c
Warriner,J.E
942
_2
udc
_c
BK
999
_c
54668
_d
54668